000 00784nam a22002177a 4500
999 _c13676
_d13676
003 AR-CdUCM
008 190416b ||||| |||| 00| 0 spa d
040 _aMUNICIPALIDAD PROVINCIAL DEL CUSCO
_cBIBLIOTECA MUNICIPAL DEL CUSCO
082 _a616.6 /
_bST82 / 1934
100 _aStopes, Marie Carmichael
_932176
245 _aProcreación prudencial :
_bTratado sobre la regulación de los nacimientos a propósito para los casados /
260 _aSantiago de Chile :
_bCultura,
_c1934.
300 _a96 páginas ;
_c19 cm.
440 _aColección "Vida Privada".
_n4
_932177
505 _aContenido: Procreación prudencial.
650 _aFisiología humana
_932178
650 _aNacimientos
_932179
650 _aFamilia
_92366
942 _2ddc
_cLIBROS
945 _aachl
_d2019-04-16